000 00294nam a22001097a 4500
003 NUST
005 20230327123450.0
082 _a891.4391,ZAI
245 _aKulliyat-e-Mustafa Zaidi /
_cSyed Nusrat Zaidi
260 _aLahore, Pakistan
_bAl-Hamd Publications
_c2017
942 _2ddc
_cBK
_k891.4391,ZAI
999 _c594339
_d594339